[Event "19th Czech Chladek & Tintera A Open"]
[Site "Pardubice CZE"]
[Date "2008.07.21"]
[Round "4"]
[White "Bernasek,J"]
[Black "Smirnov,P"]
[Result "1/2-1/2"]
[WhiteElo "2491"]
[BlackElo "2592"]

1.d4 d5 2.c4 e6 3.Nc3 c6 4.e3 Nf6 5.Nf3 Nbd7 6.Qc2 Bd6 7.Bd3 O-O 8.O-O dxc4
9.Bxc4 a6 10.Ne4 Nxe4 11.Qxe4 c5 12.Rd1 Qe7 13.b3 Nf6 14.Qh4 cxd4 15.exd4 b5
16.Bd3 Bb7 17.Ne5 Ne4 18.Qh3 f5 19.a4 Rac8 20.axb5 axb5 21.Bf4 Rc3 22.f3 Nc5
23.Bxb5 Nxb3 24.Ra4 Qc7 25.Qg3 Rd8 26.Rc4 Qa5 27.Qg5 Rxc4 28.Bxc4 Nxd4 29.Rxd4 Qa1+
30.Bf1 Qxd4+ 31.Be3 Qxe5 32.Qxd8+ Kf7 33.Qd7+ Kg8 34.Qd8+ Bf8 35.Bf2 Bc6
36.Qc8 Qd6 37.Bg3 Qd5 38.h3 Bd7 39.Qb8 h6 40.Kh2 Kf7 41.Qc7 Be7 42.Bc4 Qc6
43.Qxc6 Bxc6 44.Be5 g5 45.Kg1 h5 46.Kf2 h4 47.Kf1 Bc5 48.Ba6 Ke7 49.Bc4 Kd7
50.Bf6 Be3 51.Be5 Ba4 52.Ke2 Bc1 53.Bb8 Bb2 54.Bh2 Bf6 55.Bb8 Bc6 56.Kf2 Bd4+
57.Kf1 Ke7 58.Bc7 Bd7 59.Ke2 Bc8 60.Bb5 Bb7 61.Kf1 Bd5 62.Bb8 Kd8 63.Bd6 Kc8
64.Ke2 Bf6 65.Kf1 Kb7 66.Bd7 Kb6 67.Kf2 Bd4+ 68.Kf1 Bc4+ 69.Ke1 Be3 70.Ba4 Bd5
71.Ke2 Bc1 72.Bd7 Bc4+ 73.Kf2 Bb2 74.Be7 Bd4+ 75.Ke1 Be3 76.Ba4 Bf4 77.Kf2 Bd3
78.Bd7 e5 79.Bd6 Bg3+ 80.Ke3 Bb1 81.Ke2 Bf4 82.Ke1 Bd3 83.Kf2 Bg3+ 84.Ke3 Bb1
85.Ke2 Kb7 86.Ke3 Ka7 87.Ke2 Bf4 88.Bc5+ Ka6 89.Bd6 Bc2 90.Bc5 Kb7 91.Bd6 Kb6
92.Ke1 Bg3+ 93.Ke2 e4 94.Bxg3 hxg3 95.Bxf5 exf3+ 96.Kxf3 Bxf5 97.Kxg3 Kc5  1/2-1/2

[Event "XIII Open"]
[Site "Balaguer ESP"]
[Date "2008.07.22"]
[Round "9"]
[White "Delchev,A"]
[Black "Bhat,V"]
[Result "1/2-1/2"]
[WhiteElo "2618"]
[BlackElo "2483"]

1.d4 d5 2.c4 c6 3.Nc3 Nf6 4.e3 e6 5.Nf3 Nbd7 6.Bd3 dxc4 7.Bxc4 b5 8.Bd3 Bd6
9.O-O O-O 10.Qc2 Bb7 11.a3 Qe7 12.e4 e5 13.Ne2 Rfe8 14.Ng3 g6 15.Bg5 a6 16.Nh4 Qe6
17.Rae1 Bf8 18.Nf3 c5 19.dxe5 Nxe5 20.Nxe5 Qxe5 21.Qc1 c4 22.Bb1 Nd7 23.Bd2 Nc5
24.Bc3 Qe7 25.Qf4 Bg7 26.Nf5 gxf5 27.exf5 Qf8 28.f6 Rxe1 29.Rxe1 Bh6 30.Qf5 Nd3
31.Re7 Bc8 32.Qh5 Be6 33.g3 Rd8 34.Qh4 Rd5 35.Qe4 Qc8 36.Bc2 Bf8 37.Qe3 h6
38.h4 Qc6 39.Bd1 Qc5 40.Rxe6 fxe6 41.Qxe6+ Kh8 42.f7+ Kh7 43.Qe4+ Rf5 44.Bg4 Qxf2+
45.Kh1 Qf1+ 46.Kh2 Qf2+ 47.Kh1 Qf1+ 48.Kh2 Qf2+  1/2-1/2

[Event "Dutch Open"]
[Site "Dieren NED"]
[Date "2008.07.22"]
[Round "1"]
[White "Monteban,M"]
[Black "Mellema,A"]
[Result "1/2-1/2"]
[WhiteElo "2280"]
[BlackElo "2067"]

1.Nf3 Nf6 2.c4 c6 3.Nc3 d5 4.d4 e6 5.e3 Nbd7 6.Qc2 Bd6 7.Be2 O-O 8.O-O Qe7
9.a3 dxc4 10.Bxc4 e5 11.h3 a5 12.Bd3 Re8 13.Ng5 h6 14.Nge4 Bc7 15.Ng3 Nb6
16.dxe5 Qxe5 17.Bd2 Nbd5 18.Nce2 Qe7 19.e4 Nb6 20.Be3 Nbd7 21.Nf5 Qf8 22.Ned4 Bb6
23.Bf4 Ne5 24.Rfe1 Qc5 25.Rac1 Bxf5 26.Qxc5 Bxc5 27.Bxe5 Bxd4 28.Bxd4 Bxe4  1/2-1/2

[Event "ch-AUT"]
[Site "Leoben AUT"]
[Date "2008.07.22"]
[Round "4"]
[White "Pilaj,H"]
[Black "Schachinger,M"]
[Result "1/2-1/2"]
[WhiteElo "2389"]
[BlackElo "2314"]

1.d4 d5 2.c4 e6 3.Nf3 Nf6 4.Nc3 c6 5.e3 Nbd7 6.Qc2 Bd6 7.Bd3 dxc4 8.Bxc4 O-O
9.O-O a6 10.a4 Qe7 11.Ne4 Nxe4 12.Qxe4 e5  1/2-1/2

[Event "19th Czech Jihlavanka B Open"]
[Site "Pardubice CZE"]
[Date "2008.07.22"]
[Round "5"]
[White "Golcman,E"]
[Black "Kiselev,Al"]
[Result "1/2-1/2"]
[WhiteElo "2255"]
[BlackElo "2121"]

1.c4 c6 2.d4 d5 3.e3 Nf6 4.Nc3 e6 5.Nf3 Nbd7 6.Qb3 dxc4 7.Bxc4 b5 8.Be2 a6
9.O-O c5 10.a4 b4 11.Nb1 Rb8 12.a5 Bb7 13.Nbd2 Be7 14.Nc4 O-O 15.Rd1 Qc7
16.Bd2 Bd5 17.Be1 Rfc8 18.Rdc1 Qb7 19.Qd1 Rd8 20.Bf1 Bc6 21.Nce5 Bb5  1/2-1/2

[Event "19th Czech Chladek & Tintera A Open"]
[Site "Pardubice CZE"]
[Date "2008.07.22"]
[Round "5"]
[White "Jorczik,J"]
[Black "Brkic,A"]
[Result "0-1"]
[WhiteElo "2359"]
[BlackElo "2530"]

1.d4 Nf6 2.c4 e6 3.Nf3 d5 4.Nc3 c6 5.e3 Nbd7 6.Bd3 dxc4 7.Bxc4 b5 8.Bd3 Bb7
9.a3 Bd6 10.O-O O-O 11.e4 e5 12.Ne2 Re8 13.Ng3 exd4 14.Nf5 Bf8 15.N3xd4 Nc5
16.Bg5 Nxd3 17.Qxd3 c5 18.e5 Qd5 19.Qh3 Ne4 20.Nf3 Nxg5 21.Nxg5 h6 22.Nf3 Qe6
23.Rfe1 Rad8 24.Re3 Rd7 25.Rae1 Red8 26.Qh5 Rd1 27.h4 Bc8 28.Ng3 g6 29.Ng5 Rxe1+
30.Rxe1 gxh5 31.Nxe6 Bxe6 32.Nxh5 Be7  0-1

[Event "Dutch Open"]
[Site "Dieren NED"]
[Date "2008.07.23"]
[Round "2"]
[White "Wiersma,E"]
[Black "Boel,M"]
[Result "1-0"]
[WhiteElo "2419"]
[BlackElo "2184"]

1.d4 Nf6 2.c4 e6 3.Nc3 d5 4.Nf3 c6 5.e3 Nbd7 6.Bd3 Bd6 7.O-O O-O 8.e4 dxe4
9.Nxe4 Nxe4 10.Bxe4 h6 11.Bc2 e5 12.Re1 exd4 13.Qxd4 Bc5 14.Qc3 f5 15.b4 Be7
16.c5 a5 17.a3 Bf6 18.Qc4+ Kh8 19.Rb1 Re8 20.Bf4 Nf8 21.Ne5 Be6 22.Nf7+ Bxf7
23.Qxf7 axb4 24.axb4 Rxe1+ 25.Rxe1 Qd4 26.Bb3 Ne6 27.Bc1 Qxb4 28.Qxe6 Qxc5
29.Bxh6  1-0

[Event "Canadian Open"]
[Site "Montreal CAN"]
[Date "2008.07.23"]
[Round "5"]
[White "Moiseenko,A1"]
[Black "Huzman,A"]
[Result "1-0"]
[WhiteElo "2632"]
[BlackElo "2589"]

1.d4 d5 2.c4 c6 3.Nf3 Nf6 4.Nc3 e6 5.e3 Nbd7 6.Bd3 dxc4 7.Bxc4 b5 8.Bd3 Bb7
9.a3 b4 10.Ne4 Nxe4 11.Bxe4 bxa3 12.O-O Nf6 13.Bd3 axb2 14.Bxb2 Bb4 15.Qb3 a5
16.Ba3 Qb6 17.Ne5 O-O 18.Nc4 Qc7 19.Bxb4 axb4 20.Qxb4 Rfd8 21.Ne5 g6 22.Rxa8 Rxa8
23.Rc1 Nd5 24.Qb2 Ra4 25.h3 Rb4 26.Qa3 Qb6 27.Be4 Rb3 28.Qd6 Qc7 29.Qc5 Ne7
30.Ng4 Kg7 31.d5 Nxd5 32.Bxd5 exd5 33.Qd4+ Kf8 34.Nf6 c5 35.Nxh7+ Kg8 36.Nf6+ Kf8
37.Qa4 Rb2 38.Qe8+ Kg7 39.Qg8+  1-0

[Event "Canadian Open"]
[Site "Montreal CAN"]
[Date "2008.07.23"]
[Round "5"]
[White "Mohota,N"]
[Black "Doubleday,W"]
[Result "1-0"]
[WhiteElo "2354"]
[BlackElo "2125"]

1.d4 d5 2.c4 c6 3.Nf3 Nf6 4.e3 e6 5.Nc3 Nbd7 6.Bd3 Be7 7.O-O dxc4 8.Bxc4 b5
9.Bd3 Bb7 10.e4 a6 11.e5 Nd5 12.Nxd5 cxd5 13.a4 b4 14.b3 Nb8 15.Be3 Nc6 16.Rc1 h6
17.Ne1 Qb6 18.f4 g6 19.Bb1 a5 20.Rf2 Rc8 21.Bd3 Ba6 22.Rfc2 Kd7 23.Bxa6 Qxa6
24.Nd3 h5 25.Qf1 Qb6 26.Ne1 Na7 27.Nf3 Rxc2 28.Rxc2 Rc8 29.Rxc8 Nxc8 30.Qd3 Na7
31.g3 Nc6 32.Kf2 Nb8 33.Bd2 Qa6 34.Qb1 Nc6 35.h3 Bd8 36.g4 hxg4 37.hxg4 Bb6
38.Be3 Ne7 39.Ng5 Qa7 40.Qd3 Ke8 41.Qb5+ Kf8 42.Nf3 Qc7 43.f5 Nc6 44.f6 Ke8
45.Ng5 Ba7 46.Qd3 Nd8 47.Kf3 Qc6 48.Kf2 Bb6 49.Ke2 Ba7 50.Kd1 Bb6 51.Bd2 Bc7
52.Qh3 Qa6 53.Nxf7 Nxf7 54.Qh7 Bd6 55.exd6 Qxd6 56.Qxg6 Qf8 57.g5 Qh8 58.Kc2 Kf8
59.Bf4 Qg8 60.Qxg8+ Kxg8 61.g6 Nh8 62.f7+ Nxf7 63.gxf7+ Kxf7 64.Kd3  1-0

[Event "19th Czech Jihlavanka B Open"]
[Site "Pardubice CZE"]
[Date "2008.07.23"]
[Round "6"]
[White "Yuffa,D"]
[Black "Bujnoch,R"]
[Result "1-0"]
[WhiteElo "2109"]
[BlackElo "2241"]

1.d4 d5 2.c4 c6 3.Nc3 Nf6 4.Nf3 e6 5.e3 Nbd7 6.Qc2 Bd6 7.g4 dxc4 8.e4 e5
9.g5 Nh5 10.Be3 exd4 11.Nxd4 Ne5 12.O-O-O Nf4 13.Kb1 Ned3 14.Bxd3 Nxd3 15.Nce2 b5
16.Rxd3 cxd3 17.Qxc6+ Bd7 18.Qxd6 dxe2 19.Nxe2 Qe7 20.Qxe7+ Kxe7 21.Bc5+ Kd8
22.Bd4 Bg4 23.Nc3 b4 24.Nb5 Kd7 25.Bxg7 Rhg8 26.Bf6 Be2 27.Nd4 Bd3+ 28.Ka1 Bxe4
29.Rd1 a5 30.Nf5+ Kc7 31.Rc1+ Kb6 32.Nd6 Bd5 33.b3 a4 34.Bd4+ Ka6 35.Rc5 Rxg5
36.f4 Rh5 37.f5 Bf3 38.Rb5 Rg8 39.Rb6+ Ka7 40.Nb5+ Ka8 41.Nc7+  1-0

[Event "19th Czech Chladek & Tintera A Open"]
[Site "Pardubice CZE"]
[Date "2008.07.23"]
[Round "6"]
[White "Stocek,J"]
[Black "Smirnov,P"]
[Result "1/2-1/2"]
[WhiteElo "2559"]
[BlackElo "2592"]

1.d4 d5 2.c4 e6 3.Nc3 c6 4.Nf3 Nf6 5.e3 Nbd7 6.Bd3 dxc4 7.Bxc4 b5 8.Bd3 Bb7
9.O-O a6 10.a4 b4 11.Ne4 c5 12.Ned2 cxd4 13.exd4 Be7 14.Qe2 O-O  1/2-1/2

[Event "19th Czech Chladek & Tintera A Open"]
[Site "Pardubice CZE"]
[Date "2008.07.23"]
[Round "6"]
[White "Schneider,Il"]
[Black "Geller,J"]
[Result "1/2-1/2"]
[WhiteElo "2468"]
[BlackElo "2510"]

1.d4 d5 2.c4 e6 3.Nc3 c6 4.e3 Nf6 5.Nf3 Nbd7 6.Qc2 Bd6 7.e4 Nxe4 8.Nxe4 dxe4
9.Qxe4 Bb4+ 10.Bd2 Bxd2+ 11.Nxd2 c5 12.dxc5 Qf6 13.Be2 Nxc5 14.Qe3 b6 15.Bf3 Bb7
16.O-O-O Rd8 17.Ne4 Bxe4 18.Bxe4 O-O 19.Bc2 a5 20.f4 g6 21.g3 Rxd1+ 22.Rxd1 Rd8
23.Rd2 Qe7 24.Rxd8+ Qxd8 25.h4 h5 26.Qe5 Nd3+ 27.Bxd3 Qxd3 28.Qb8+ Kh7 29.Qc7 Kg7
30.Qe5+ Kf8 31.Qb8+ Kg7 32.Qe5+ Kh7 33.Qc7 Kg7  1/2-1/2

[Event "Politiken Cup"]
[Site "Helsingor DEN"]
[Date "2008.07.24"]
[Round "7"]
[White "Abrahamsson,D"]
[Black "Rabus,B"]
[Result "1/2-1/2"]
[WhiteElo "2040"]
[BlackElo "2198"]

1.d4 d5 2.Nf3 Nf6 3.c4 c6 4.e3 e6 5.Nc3 Nbd7 6.Bd3 dxc4 7.Bxc4 b5 8.Bb3 Bb7
9.O-O a6 10.Re1 c5 11.d5 exd5 12.Nxd5 c4 13.Nxf6+ Nxf6 14.Bc2 Bb4 15.Rf1 Qxd1
16.Rxd1 O-O 17.a4 Bc5 18.Bd2 b4 19.Rac1 Bd5 20.Bb3 cxb3 21.Rxc5 Bxf3 22.gxf3 Rfd8
23.Rcc1 a5 24.e4 h6 25.Be3 Rxd1+ 26.Rxd1 Rc8 27.Bb6 Rc6 28.Bxa5 Ra6 29.Bxb4 Rxa4
30.Ba3 Ra8 31.Rd3 Rb8 32.Kf1 Nh5 33.Bd6 Rb6 34.Ke2 f6 35.Ke3 g5 36.f4 gxf4+
37.Bxf4 Nxf4 38.Kxf4 Kf7 39.Kf5 Rb5+ 40.Rd5 Rb7 41.f4 Ke7 42.e5 fxe5 43.fxe5 Rc7
44.Rb5 Rc2 45.Rb7+ Kf8 46.Rxb3 Rxh2 47.Ke6 Re2 48.Rb8+ Kg7 49.b4 h5 50.Rd8 h4
51.Rd4 h3 52.Kd6 h2 53.Rh4 Re4 54.Rxh2 Rxb4 55.Rf2 Rb6+ 56.Kd7 Rb7+ 57.Kc6 Ra7
58.Rf5 Ra6+ 59.Kd7 Ra7+ 60.Kc6 Kg6 61.Rf6+ Kg7 62.Rd6 Kf8 63.Kb6 Ra1 64.Kc5 Ke7
65.Rd4 Ra5+  1/2-1/2

[Event "Politiken Cup"]
[Site "Helsingor DEN"]
[Date "2008.07.24"]
[Round "7"]
[White "Benediktsson,F"]
[Black "Nohr,F"]
[Result "1-0"]
[WhiteElo "1915"]
[BlackElo "2127"]

1.d4 Nf6 2.Nf3 d5 3.c4 c6 4.Nc3 e6 5.e3 Nbd7 6.Qc2 Bd6 7.b3 b6 8.Be2 Bb7
9.O-O O-O 10.Bb2 Rc8 11.Rfd1 Qe7 12.e4 e5 13.dxe5 Nxe5 14.Nxe5 Bxe5 15.exd5 cxd5
16.Nb5 Bxb2 17.Qxb2 a6 18.Nd4 dxc4 19.Bxc4 Qe5 20.f3 b5 21.Bf1 Rfd8 22.Qe2 Qc5
23.Qf2 h6 24.Rd2 Rd7 25.Rad1 Rcd8 26.Rd3 b4 27.Nc2 Qxf2+ 28.Kxf2 a5 29.Rxd7 Rxd7
30.Rxd7 Nxd7 31.Ke3 Kf8 32.Kd4 Nb6 33.Kc5 Nd5 34.Kb5 Nc3+ 35.Kxa5 Nxa2 36.Nxb4 Nxb4
37.Kxb4 Ke7 38.Kc5 Kd7 39.Bc4 f6 40.b4 Kc7 41.Bd5 Bc8 42.b5  1-0

[Event "Canadian Open"]
[Site "Montreal CAN"]
[Date "2008.07.24"]
[Round "6"]
[White "Karavade,E"]
[Black "Swathi,G"]
[Result "1-0"]
[WhiteElo "2297"]
[BlackElo "2351"]

1.d4 d5 2.c4 c6 3.Nc3 Nf6 4.e3 e6 5.Nf3 Nbd7 6.Qc2 Bd6 7.Bd3 O-O 8.O-O dxc4
9.Bxc4 b5 10.Be2 Bb7 11.e4 e5 12.Rd1 Qc7 13.Bg5 exd4 14.Rxd4 b4 15.Bxf6 Nxf6
16.Na4 Rfe8 17.Rad1 Bf8 18.e5 Rxe5 19.Nxe5 Qxe5 20.Bf3 Re8 21.g3 c5 22.R4d3 Ne4
23.Re3 f5 24.Bg2 f4 25.gxf4 Qxf4 26.Rde1 Bd6 27.Qc4+ Kh8 28.Rxe4  1-0

[Event "1st Open"]
[Site "Paleochora GRE"]
[Date "2008.07.24"]
[Round "5"]
[White "Parligras,M"]
[Black "Markidis,K"]
[Result "1-0"]
[WhiteElo "2588"]
[BlackElo "2315"]

1.d4 d5 2.c4 e6 3.Nc3 c6 4.e3 Nf6 5.Nf3 Nbd7 6.Qc2 Bd6 7.g4 Bb4 8.Bd2 b6
9.Bd3 Bb7 10.g5 dxc4 11.Bxc4 Bxc3 12.bxc3 Nd5 13.e4 Ne7 14.h4 Qc7 15.h5 O-O-O
16.Rh4 c5 17.Bf4 Qc6 18.Ne5 Nxe5 19.Bxe5 b5 20.Bd3 c4 21.Bf1 Rhg8 22.a4 a6
23.axb5 axb5 24.Qb2 h6 25.gxh6 gxh6 26.Ra5 Nf5 27.exf5 Rg1 28.Rxb5 Rxf1+
29.Kxf1 Qg2+ 30.Ke1 Bf3 31.Rb8+ Kd7 32.Rxd8+  1-0

[Event "41st Festival MTO"]
[Site "Biel SUI"]
[Date "2008.07.25"]
[Round "5"]
[White "Berczes,D"]
[Black "Maze,S"]
[Result "1/2-1/2"]
[WhiteElo "2458"]
[BlackElo "2553"]

1.d4 d5 2.c4 c6 3.Nc3 Nf6 4.e3 e6 5.Nf3 a6 6.c5 Nbd7 7.b4 g6 8.Bd3 Bg7 9.O-O O-O
10.Na4 Qe7 11.Re1 e5 12.e4 dxe4 13.Bxe4 Nxe4 14.Rxe4 f5 15.Re1 e4 16.Bf4 Re8
17.Ng5 Nf6 18.Nb6 Nd5 19.Qb3 Be6 20.Nxe6 Qxe6 21.Nxa8 Rxa8 22.Be5 Bxe5 23.dxe5 Qxe5
24.Rad1 Re8 25.Qc4 Kg7 26.a4 Re7 27.Rd4 h5 28.b5 axb5 29.axb5  1/2-1/2

[Event "Politiken Cup"]
[Site "Helsingor DEN"]
[Date "2008.07.25"]
[Round "8"]
[White "Eriksson,Mag1"]
[Black "Rasmussen,M2"]
[Result "1-0"]
[WhiteElo "2361"]
[BlackElo "1996"]

1.d4 d5 2.c4 c6 3.Nf3 Nf6 4.Nc3 e6 5.e3 Bd6 6.Qc2 Nbd7 7.g4 Nxg4 8.Rg1 f5
9.cxd5 cxd5 10.h3 Nh6 11.Rxg7 Qf6 12.Rg1 a6 13.Be2 Nb8 14.Nxd5 Qd8 15.Nb6  1-0

[Event "1st Open"]
[Site "Paleochora GRE"]
[Date "2008.07.25"]
[Round "6"]
[White "Milanovic,Da"]
[Black "Shumiakina,T"]
[Result "1-0"]
[WhiteElo "2529"]
[BlackElo "2351"]

1.d4 d5 2.c4 c6 3.Nc3 Nf6 4.e3 e6 5.Nf3 Nbd7 6.Qc2 Bd6 7.g4 h6 8.h3 a6 9.Bd2 b5
10.c5 Bc7 11.g5 hxg5 12.Nxg5 e5 13.O-O-O e4 14.Rg1 Qe7 15.f3 exf3 16.Bd3 b4
17.Na4 Kf8 18.Rdf1 Bh2 19.Rh1 Bg3 20.e4 f2 21.e5 Nh5 22.h4 f6 23.e6 fxg5
24.exd7 Bxd7 25.Nb6 Rb8 26.Bxg5 Nf6 27.Nxd7+ Qxd7 28.Rxf2 Bxf2 29.Qxf2 Qf7
30.Qg3 Rd8 31.Rf1 a5 32.Bc2 Re8 33.Bxf6 gxf6 34.Qd6+ Re7 35.Rxf6 Rg8 36.Rxf7+ Kxf7
37.Qf4+ Ke8 38.Bd1 Rg1 39.Kc2 a4 40.Bh5+ Kd8 41.Qb8+ Kd7 42.Qd6+  1-0

[Event "19th Czech Chladek & Tintera A Open"]
[Site "Pardubice CZE"]
[Date "2008.07.25"]
[Round "8"]
[White "Korobov,A"]
[Black "Geller,J"]
[Result "1/2-1/2"]
[WhiteElo "2590"]
[BlackElo "2510"]

1.d4 d5 2.c4 c6 3.Nc3 Nf6 4.Nf3 e6 5.e3 Nbd7 6.Qc2 Bd6 7.Bd3 O-O 8.O-O dxc4
9.Bxc4 a6 10.e4 e5 11.Rd1 Qc7 12.g3 b5 13.Be2 Re8 14.a3 exd4 15.Nxd4 Be5
16.Bg5 h6 17.Be3 c5 18.Nf5 Nb6 19.Rac1 Bxf5 20.exf5 Bxg3 21.hxg3 Rxe3 22.Bxb5 axb5
23.fxe3 Qxg3+ 24.Qg2 Qxe3+ 25.Kh1 h5 26.Re1 Qf4 27.Ne4 Ng4 28.Rf1 Qh6 29.Rg1 Re8
30.Rce1 Nd5 31.Qf3 Nde3 32.Re2 Qc6 33.Rxg4 Nxg4 34.Nf6+ Qxf6 35.Rxe8+ Kh7
36.Re2 c4 37.Kg2 Qd6 38.Qe4 f6 39.Kh3 Qd1 40.Kg2 Ne5 41.Qc2 Qd6 42.Qe4 Qd1
43.Qc2 Qd6 44.Qe4 Qd1  1/2-1/2

[Event "19th Czech Chladek & Tintera A Open"]
[Site "Pardubice CZE"]
[Date "2008.07.25"]
[Round "8"]
[White "Brokken,D"]
[Black "Zaremba,An"]
[Result "1/2-1/2"]
[WhiteElo "2266"]
[BlackElo "2355"]

1.d4 d5 2.c4 c6 3.Nc3 Nf6 4.e3 e6 5.Nf3 Nbd7 6.Bd3 dxc4 7.Bxc4 b5 8.Bd3 Bb7
9.e4 b4 10.Na4 c5 11.e5 Nd5 12.dxc5 Qa5 13.O-O Bc6 14.Bc2 h6 15.Nd4 Rc8 16.Nxc6 Rxc6
17.a3 Bxc5 18.Nxc5 Qxc5 19.Ba4 Rc7 20.Qg4 Kf8 21.Bxd7 Rxd7 22.axb4 Qxb4 23.Qxb4+ Nxb4
24.Be3 Kg8 25.Rxa7 Rxa7 26.Bxa7 Kh7 27.Bc5 Rb8 28.Bd6 Rb5 29.f4 Nd5 30.b4 Rb6
31.Bc5 Rb5 32.Bd6 Rb6 33.Rb1 Nxf4 34.Rf1 Ne2+ 35.Kf2 Nc3 36.Ke3 Nb5 37.Rxf7 Nxd6
38.exd6 Rxd6 39.Rf1 Kg6 40.b5 Rb6 41.Rb1 Kf5 42.Kd4 e5+ 43.Kd5 e4 44.Rf1+ Kg4
45.Kc5 Rb8 46.b6 e3 47.Kc6 e2 48.Re1 Rc8+ 49.Kd7 Rc2 50.b7 Rb2 51.Kc7  1/2-1/2

[Event "34th Open"]
[Site "Sitges ESP"]
[Date "2008.07.25"]
[Round "4"]
[White "Grigore,Ge"]
[Black "Barsov,A"]
[Result "1/2-1/2"]
[WhiteElo "2517"]
[BlackElo "2481"]

1.d4 d5 2.c4 e6 3.Nc3 c6 4.e3 Nf6 5.Nf3 a6 6.c5 Nbd7 7.Bd2 Ne4 8.Nxe4 dxe4
9.Ng1 e5 10.Qc2 Be7 11.Bc4 exd4  1/2-1/2

[Event "41st Festival MTO"]
[Site "Biel SUI"]
[Date "2008.07.26"]
[Round "6"]
[White "Avrukh,B"]
[Black "Grachev,B"]
[Result "1/2-1/2"]
[WhiteElo "2656"]
[BlackElo "2640"]

1.d4 d5 2.c4 c6 3.Nf3 Nf6 4.Nc3 e6 5.e3 Nbd7 6.Qc2 Bd6 7.b3 O-O 8.Be2 b6
9.O-O Bb7 10.Rd1 Qe7 11.Bb2 Rfe8 12.Rac1 Rad8 13.Bf1 a6 14.g3 h6 15.Bg2 Rc8
16.e4 Nxe4 17.Nxe4 dxe4 18.Qxe4 Nf6 19.Qb1 Red8 20.Re1 Bb4 21.Re2 Ba3 22.Bxa3 Qxa3
23.c5 bxc5 24.dxc5 a5 25.Ne5 Ba6 26.Re3 Nd5 27.Ree1 Nb4 28.Rcd1 Nd5 29.Qc2 Qb4
30.Rc1 Ne7 31.Red1 Rxd1+ 32.Qxd1 Nd5 33.h4  1/2-1/2

[Event "Politiken Cup"]
[Site "Helsingor DEN"]
[Date "2008.07.26"]
[Round "9"]
[White "Abrahamsson,D"]
[Black "Sylvan,J"]
[Result "1-0"]
[WhiteElo "2040"]
[BlackElo "2250"]

1.d4 d5 2.Nf3 Nf6 3.c4 e6 4.e3 c6 5.Nc3 Nbd7 6.Bd3 dxc4 7.Bxc4 b5 8.Bd3 a6
9.O-O c5 10.a4 b4 11.Ne2 Bb7 12.b3 Be7 13.Bb2 O-O 14.Ng3 cxd4 15.Nxd4 Nc5
16.Bc2 Qd5 17.f3 Rfd8 18.Qe2 a5 19.Rfd1 Ba6 20.Qf2 Qb7 21.Rac1 Rac8 22.h4 Bd6
23.Ndf5 exf5 24.Bxf6 gxf6 25.Rxd6 Rxd6 26.Nxf5 Qd5 27.Ne7+ Kf8 28.Nxd5 Rxd5
29.Bxh7 Rcd8 30.Bc2 Rd2 31.Qg3 Re2 32.h5 Ne6 33.h6  1-0

[Event "XXVI Andorra Open"]
[Site "La Massana AND"]
[Date "2008.07.26"]
[Round "8"]
[White "Arizmendi Martinez,J"]
[Black "Vega Gutierrez,S"]
[Result "1-0"]
[WhiteElo "2524"]
[BlackElo "2281"]

1.d4 d5 2.c4 e6 3.Nc3 c6 4.e3 Nf6 5.Nf3 Nbd7 6.Qc2 Bd6 7.Be2 dxc4 8.Bxc4 b5
9.Be2 Bb7 10.Bd2 Qe7 11.e4 e5 12.dxe5 Nxe5 13.Nd4 b4 14.Nf5 bxc3 15.Bxc3 Qc7
16.f4 Nfd7 17.Nxg7+ Kf8 18.fxe5 Bxe5 19.Nf5 c5 20.O-O-O Nf6 21.Bf3 Re8 22.Kb1 Rg8
23.Rhe1 Bc6 24.Bd2 Rg6 25.Qxc5+ Kg8 26.Rc1 Qb7 27.Qb4 Qc7 28.Bc3 Ba8 29.Bd4 Qb7
30.Qxb7 Bxb7 31.Bxe5 Rxe5 32.Rc7 Bxe4+ 33.Bxe4 Rxe4 34.Rc8+  1-0

[Event "ch-AUT"]
[Site "Leoben AUT"]
[Date "2008.07.26"]
[Round "8"]
[White "Genser,H"]
[Black "Froewis,G"]
[Result "1-0"]
[WhiteElo "2342"]
[BlackElo "2269"]

1.d4 d5 2.Nf3 Nf6 3.c4 e6 4.Nc3 c6 5.e3 Nbd7 6.Bd3 dxc4 7.Bxc4 b5 8.Bd3 a6
9.e4 c5 10.e5 cxd4 11.Nxb5 Ng4 12.Qa4 Bb7 13.Nbxd4 Qb6 14.O-O Bc5 15.h3 Bxf3
16.hxg4 Bd5 17.Nf3 Qb7 18.Qf4 O-O 19.Ng5 f5 20.gxf5 h6 21.Nf3 Rxf5 22.Bxf5 Rf8
23.Bxe6+ Bxe6 24.Qg3 Kh7 25.Be3 Rf5 26.Nh4 Rxe5 27.Qg6+ Kh8 28.Bxc5 Rxc5  1-0

[Event "III Open"]
[Site "Oviedo ESP"]
[Date "2008.07.26"]
[Round "4"]
[White "Acebal Muniz,A"]
[Black "Suarez Garcia,C"]
[Result "1/2-1/2"]
[WhiteElo "2158"]
[BlackElo "1932"]

1.Nf3 d5 2.d4 Nf6 3.c4 c6 4.Nc3 e6 5.e3 Nbd7 6.Qc2 Bd6 7.Bd3 O-O 8.O-O Qc7
9.e4 dxe4 10.Nxe4 Nxe4 11.Bxe4 Nf6 12.Bd3 h6 13.Bd2 c5 14.dxc5 Bxc5 15.Bc3 Be7
16.Qe2 Bd7 17.Rad1 Bc6 18.Ne5 Rad8 19.Rfe1 Nd7 20.Qg4 Bf6 21.Nxd7 Bxc3 22.Nxf8 Bxe1
23.Nxe6 Bxf2+ 24.Kxf2 Qb6+ 25.c5 Qxb2+ 26.Kg1 fxe6 27.Qxe6+ Kh8 28.Qg6 Rxd3
29.Rxd3 Qc1+ 30.Kf2 Qf4+ 31.Ke1 Qc1+ 32.Kf2 Qf4+ 33.Ke1 Qc1+ 34.Kf2 Qf4+
35.Ke1 Qc1+ 36.Kf2 Qf4+ 37.Ke1 Qc1+ 38.Kf2 Qf4+  1/2-1/2

[Event "19th Czech Chladek & Tintera A Open"]
[Site "Pardubice CZE"]
[Date "2008.07.26"]
[Round "9"]
[White "Chasovnikova,E"]
[Black "Schwarz,Du"]
[Result "1-0"]
[WhiteElo "2284"]
[BlackElo "2378"]

1.d4 d5 2.c4 c6 3.Nc3 Nf6 4.Nf3 e6 5.e3 Nbd7 6.Qc2 Bd6 7.g4 Bb4 8.Bd2 Bxc3
9.Bxc3 Ne4 10.Bb4 Qb6 11.Ba3 Qa5+ 12.Nd2 b5 13.cxb5 cxb5 14.f3 b4 15.Bxb4 Qxb4
16.fxe4 dxe4 17.Bg2 Bb7 18.a3 Qa5 19.O-O Qg5 20.Rf4 Rc8 21.Qa4 Bc6 22.Qxa7 Qd8
23.Qa6 O-O 24.Rc1 e5 25.Rff1 Nb8 26.Qa7 exd4 27.Qxd4 Qe7 28.Nxe4 Rcd8 29.Qc5 Qb7
30.Qc2 Qb6 31.Rfe1 Bd5 32.b4 f5 33.gxf5 Rxf5 34.Qc7 Qxc7 35.Rxc7 Bxe4 36.Bxe4 Rg5+
37.Kh1 Nd7 38.Rd1  1-0

[Event "19th Czech Chladek & Tintera A Open"]
[Site "Pardubice CZE"]
[Date "2008.07.26"]
[Round "9"]
[White "Beinoras,M"]
[Black "Strunski,A"]
[Result "1-0"]
[WhiteElo "2426"]
[BlackElo "2294"]

1.d4 d5 2.c4 c6 3.Nc3 Nf6 4.e3 e6 5.Nf3 Nbd7 6.Qc2 Bd6 7.b3 O-O 8.Be2 b6
9.O-O Bb7 10.Bb2 Qe7 11.Rad1 Rad8 12.Rfe1 Rfe8 13.Bf1 c5 14.cxd5 exd5 15.g3 h6
16.Bg2 Qe6 17.dxc5 bxc5 18.Qb1 Qg4 19.Nh4 Qe6 20.Qa1 Bf8 21.Ne2 Qb6 22.Nc3 Qe6
23.Rd2 Ne4 24.Nxe4 dxe4 25.Bf1 g5 26.Bc4 Qb6 27.Red1 Nb8 28.Rxd8 Rxd8 29.Rxd8 Qxd8
30.Ng6 Ba6 31.Bf6 Qd6 32.Nxf8 Qxf8 33.Bd5 Bd3 34.Bb2 Nd7 35.Qc1 Kh7 36.Qc3 f6
37.Be6 Ne5 38.Bf5+ Kg7 39.Ba3 Qf7 40.Qxc5 Nf3+ 41.Kh1 a6 42.Qd6 Bb5 43.Be6  1-0

[Event "19th Czech Chladek & Tintera A Open"]
[Site "Pardubice CZE"]
[Date "2008.07.26"]
[Round "9"]
[White "Fedorovsky,M"]
[Black "Blomqvist,E"]
[Result "0-1"]
[WhiteElo "2425"]
[BlackElo "2322"]

1.d4 d5 2.c4 c6 3.Nf3 Nf6 4.Nc3 e6 5.e3 Nbd7 6.Qc2 Bd6 7.Bd3 O-O 8.O-O h6
9.h3 Re8 10.e4 dxc4 11.Bxc4 e5 12.Re1 exd4 13.Nxd4 Ne5 14.Bf1 Bxh3 15.gxh3 Bc5
16.Nf5 Nf3+ 17.Kh1 Nxe1 18.Qe2 Nxe4 19.Nxe4 Qd5 20.Ng3 Bxf2 21.Qxf2 Rxe4
22.Nxe4 Qxe4+ 23.Bg2 Nxg2 24.Qxg2 Qe1+ 25.Qg1 Re8 26.Qxe1 Rxe1+ 27.Kg2 f5
28.b3 Kf7 29.Kf3 Rh1 30.Kg3 g5 31.Bb2 f4+ 32.Kg2 Rxa1 33.Bxa1 Ke6 34.Bd4 b6
35.b4 h5 36.Kf3 Kf5 37.a4 g4+ 38.hxg4+ hxg4+ 39.Ke2 Ke4 40.Bxb6 axb6 41.a5 bxa5
42.bxa5 g3 43.a6 f3+ 44.Kf1 Ke3 45.a7 g2+ 46.Kg1 Ke2 47.a8=Q f2+ 48.Kxg2 f1=Q+
49.Kg3 Qf2+ 50.Kg4 Qd4+ 51.Kh5 c5 52.Qa2+ Ke3 53.Qe6+ Kd3 54.Qb3+ Qc3 55.Qd5+ Ke2
56.Qg2+ Kd1 57.Qf1+ Kd2 58.Qf2+ Kd3 59.Qf5+ Kc4 60.Qe6+ Kb4 61.Qb6+ Ka3 62.Qa6+ Kb3
63.Qb5+ Qb4 64.Qd3+ Kb2 65.Qe2+ Ka3 66.Qa6+ Qa4 67.Qd3+ Kb2 68.Qe2+ Qc2 69.Qe5+ Ka2
70.Qd5+ c4 71.Qa5+ Kb2 72.Qb6+ Qb3 73.Qf2+ Kc1 74.Qf4+ Kb1 75.Qf1+ Kb2 76.Qf2+ Qc2
77.Qb6+ Kc1 78.Qe3+ Qd2 79.Qc5 c3 80.Qa3+ Qb2 81.Qc5 Qe2+ 82.Kh6 c2 83.Qa3+ Kd1
84.Qb3 Ke1 85.Qg3+ Qf2 86.Qe5+ Kd1 87.Qh5+ Qe2 88.Qh1+ Kd2 89.Qd5+ Qd3 90.Qg2+ Kc3
91.Qc6+ Kb2 92.Qb6+ Qb3 93.Qd4+ Ka2 94.Qd2 Kb1  0-1

[Event "19th Czech Chladek & Tintera A Open"]
[Site "Pardubice CZE"]
[Date "2008.07.26"]
[Round "9"]
[White "Galburd,Y"]
[Black "Cifka,S"]
[Result "1-0"]
[WhiteElo "2209"]
[BlackElo "2439"]

1.d4 d5 2.Nf3 Nf6 3.c4 e6 4.Nc3 c6 5.e3 Nbd7 6.Bd3 dxc4 7.Bxc4 b5 8.Bb3 b4
9.Ne2 Bb7 10.O-O Bd6 11.Ng3 O-O 12.e4 Bxg3 13.e5 Bxe5 14.dxe5 Nd5 15.Bc2 f5
16.exf6 N7xf6 17.Re1 Qe7 18.Bg5 Qf7 19.Ne5 Qh5 20.Qxh5 Nxh5 21.Nd7 Rfe8 22.Nc5 Bc8
23.Ba4 Ne7 24.Ne4 Bd7 25.g4 h6 26.Bxe7 Rxe7 27.gxh5 Rf8 28.Rad1 Rf5 29.Bb3 Be8
30.Rd8 Kf8 31.Ng3 Rc5 32.Red1 a5 33.Ra8 Kf7 34.Kg2 Bd7 35.Rd8 Be8 36.R1d2 Rc1
37.Nf5 c5 38.Nd6+ Kf6 39.Nxe8+ Kg5 40.Nd6  1-0

[Event "19th Czech Chladek & Tintera A Open"]
[Site "Pardubice CZE"]
[Date "2008.07.26"]
[Round "9"]
[White "Vavrak,P"]
[Black "Beck,F"]
[Result "1/2-1/2"]
[WhiteElo "2474"]
[BlackElo "2335"]

1.d4 Nf6 2.Nf3 d5 3.c4 e6 4.Nc3 c6 5.e3 Nbd7 6.Qc2 Bd6 7.e4 dxe4 8.Nxe4 Nxe4
9.Qxe4 Qa5+ 10.Bd2 Bb4 11.Bd3 c5 12.a3 Bxd2+ 13.Nxd2 cxd4 14.Qxd4 Qe5+ 15.Qxe5 Nxe5
16.Ke2 Bd7 17.Rhd1 Ke7 18.Nf3  1/2-1/2